000 00468cam a22001337a 4500
008 180718b1998 xxu||||| |||| 00| 0 eng d
082 _aA81x54 91/8/PT4A/C
100 _aCensus of India 1991
245 _aHaryana: socio-cultural tables
260 _aDelhi
_bThe Controller of Publications
_c1998
300 _a406p.
440 _aCensus of India 1991. Series-8, Haryana. Part-IVAC Series
500 _aContents: Tables C-1, C-2, C-2(A), C-3(A), C-3(B), C-4, C-5 and C-6
999 _c486592
_d486592